[Event "DEM U14w 2023"]
[Site "Willingen GER"]
[Date "2023.05.29"]
[Round "3"]
[White "Abram, Kristina-Maria"]
[Black "Hoffmann, Svenja"]
[Result "0-1"]
[Termination "normal"]
[Board "12"]
[WhiteElo "1228"]
[BlackElo "1491"]
[WhiteClock "00:50:49"]
[BlackClock "01:00:32"]
[PlyCount "42"]
[WhiteFideId "16298349"]
[BlackFideId "16287312"]
[EventCountry "GER"]
[EventRounds "9"]
[EventType "swiss"]
[EventDate "2023.05.27"]

1. e4 {[%clk 01:30:57]} {[%emt 00:00:02]} e5 {[%clk 01:30:52]} {[%emt
00:00:09]} 2. Nf3 {[%clk 01:31:13]} {[%emt 00:00:15]} Nc6 {[%clk 01:31:14]}
{[%emt 00:00:09]} 3. d4 {[%clk 01:31:01]} {[%emt 00:00:41]} exd4 {[%clk
01:31:33]} {[%emt 00:00:11]} 4. Bc4 {[%clk 01:31:14]} {[%emt 00:00:16]} Nf6
{[%clk 01:27:59]} {[%emt 00:04:04]} 5. Ng5 {[%clk 01:28:41]} {[%emt 00:03:02]}
d5 {[%clk 01:21:03]} {[%emt 00:07:27]} 6. exd5 {[%clk 01:27:12]} {[%emt
00:01:59]} Qe7+ {[%clk 01:18:19]} {[%emt 00:03:15]} 7. Kf1 {[%clk 01:24:02]}
{[%emt 00:03:39]} Ne5 {[%clk 01:11:37]} {[%emt 00:07:13]} 8. Qxd4 {[%clk
01:21:23]} {[%emt 00:03:08]} h6 {[%clk 01:11:46]} {[%emt 00:00:22]} 9. Bb5+
{[%clk 01:18:39]} {[%emt 00:03:14]} Bd7 {[%clk 01:08:29]} {[%emt 00:03:48]} 10.
Bxd7+ {[%clk 01:18:18]} {[%emt 00:00:50]} Nfxd7 {[%clk 01:08:06]} {[%emt
00:00:53]} 11. Ne4 {[%clk 01:17:21]} {[%emt 00:01:26]} c5 {[%clk 01:04:17]}
{[%emt 00:04:20]} 12. Qa4 {[%clk 01:12:10]} {[%emt 00:05:37]} a6 {[%clk
01:02:21]} {[%emt 00:02:30]} 13. d6 {[%clk 01:07:41]} {[%emt 00:04:58]} Qe6
{[%clk 01:02:28]} {[%emt 00:00:24]} 14. Nxc5 {[%clk 01:05:55]} {[%emt
00:02:16]} Qxd6 {[%clk 01:02:43]} {[%emt 00:00:15]} 15. Nd3 {[%clk 01:03:24]}
{[%emt 00:03:00]} Nxd3 {[%clk 01:01:55]} {[%emt 00:01:19]} 16. cxd3 {[%clk
01:03:42]} {[%emt 00:00:11]} Qxd3+ {[%clk 01:02:16]} {[%emt 00:00:09]} 17. Ke1
{[%clk 01:03:58]} {[%emt 00:00:11]} b5 {[%clk 01:02:12]} {[%emt 00:00:38]} 18.
Qf4 {[%clk 01:03:06]} {[%emt 00:01:10]} Bd6 {[%clk 01:01:57]} {[%emt 00:00:56]}
19. Qg4 {[%clk 01:02:40]} {[%emt 00:00:51]} Rc8 {[%clk 01:01:04]} {[%emt
00:01:28]} 20. Nd2 {[%clk 00:59:33]} {[%emt 00:03:36]} O-O {[%clk 01:00:52]}
{[%emt 00:00:44]} 21. Kd1 {[%clk 00:50:49]} {[%emt 00:09:13]} Rfe8 {[%clk
01:00:32]} {[%emt 00:00:50]} 0-1

[Event "DEM U14w 2023"]
[Site "Willingen GER"]
[Date "2023.05.29"]
[Round "3"]
[White "Rabe, Elina"]
[Black "Chandrasekher, Ritu"]
[Result "0-1"]
[Termination "normal"]
[Board "13"]
[WhiteElo "1066"]
[BlackElo "1268"]
[WhiteClock "00:22:05"]
[BlackClock "00:09:10"]
[PlyCount "104"]
[WhiteFideId "34623531"]
[BlackFideId "34609024"]
[EventCountry "GER"]
[EventRounds "9"]
[EventType "swiss"]
[EventDate "2023.05.27"]

1. e4 {[%clk 01:30:59]} c6 {[%clk 01:30:51]} {[%emt 00:00:10]} 2. d4 {[%clk
01:31:22]} {[%emt 00:00:07]} d5 {[%clk 01:31:12]} {[%emt 00:00:08]} 3. f3
{[%clk 01:31:48]} {[%emt 00:00:04]} dxe4 {[%clk 01:31:20]} {[%emt 00:00:23]} 4.
fxe4 {[%clk 01:32:07]} {[%emt 00:00:11]} e6 {[%clk 01:31:36]} {[%emt 00:00:14]}
5. Nf3 {[%clk 01:32:09]} {[%emt 00:00:27]} c5 {[%clk 01:31:50]} {[%emt
00:00:16]} 6. Nc3 {[%clk 01:27:36]} {[%emt 00:05:04]} Nd7 {[%clk 01:29:10]}
{[%emt 00:03:11]} 7. Bc4 {[%clk 01:26:11]} {[%emt 00:01:54]} a6 {[%clk
01:25:26]} {[%emt 00:04:14]} 8. a4 {[%clk 01:24:52]} {[%emt 00:01:49]} Nb6
{[%clk 01:23:42]} {[%emt 00:02:13]} 9. Be2 {[%clk 01:22:53]} {[%emt 00:02:28]}
Nf6 {[%clk 01:22:17]} {[%emt 00:01:56]} 10. O-O {[%clk 01:21:54]} {[%emt
00:01:29]} cxd4 {[%clk 01:20:45]} {[%emt 00:02:02]} 11. Nxd4 {[%clk 01:21:59]}
{[%emt 00:00:25]} Bc5 {[%clk 01:20:25]} {[%emt 00:00:51]} 12. e5 {[%clk
01:20:27]} {[%emt 00:02:02]} Qxd4+ {[%clk 01:18:42]} {[%emt 00:02:12]} 13. Kh1
{[%clk 01:16:50]} {[%emt 00:04:08]} Qxe5 {[%clk 01:17:17]} {[%emt 00:01:55]}
14. Bf4 {[%clk 01:14:37]} {[%emt 00:02:42]} Qd4 {[%clk 01:14:15]} {[%emt
00:03:31]} 15. Qe1 {[%clk 01:13:17]} {[%emt 00:01:52]} Ne4 {[%clk 01:04:43]}
{[%emt 00:10:01]} 16. Nxe4 {[%clk 01:07:53]} {[%emt 00:05:54]} O-O {[%clk
01:00:46]} {[%emt 00:04:28]} 17. Nc3 {[%clk 01:05:29]} {[%emt 00:02:54]} Nd7
{[%clk 00:52:53]} {[%emt 00:08:22]} 18. Qd2 {[%clk 01:00:14]} {[%emt 00:05:45]}
Qb4 {[%clk 00:45:52]} {[%emt 00:07:17]} 19. Rab1 {[%clk 00:56:11]} {[%emt
00:04:48]} Nf6 {[%clk 00:40:07]} {[%emt 00:06:14]} 20. h3 {[%clk 00:49:27]}
{[%emt 00:07:14]} Bd7 {[%clk 00:38:20]} {[%emt 00:02:18]} 21. b3 {[%clk
00:47:24]} {[%emt 00:02:32]} Rad8 {[%clk 00:36:07]} {[%emt 00:02:43]} 22. Nd1
{[%clk 00:45:15]} {[%emt 00:02:39]} Qxd2 {[%clk 00:34:14]} {[%emt 00:02:24]}
23. Bxd2 {[%emt 00:00:07]} Bc6 {[%clk 00:33:24]} {[%emt 00:01:18]} 24. Bg5
{[%clk 00:43:50]} {[%emt 00:02:19]} Be7 {[%clk 00:32:29]} {[%emt 00:01:26]} 25.
Ne3 {[%clk 00:41:52]} {[%emt 00:02:27]} h6 {[%clk 00:32:15]} {[%emt 00:00:44]}
26. Bh4 {[%clk 00:41:48]} {[%emt 00:00:34]} g5 {[%clk 00:31:55]} {[%emt
00:00:49]} 27. Bg3 {[%clk 00:41:13]} {[%emt 00:01:05]} Bc5 {[%clk 00:31:24]}
{[%emt 00:01:02]} 28. Rxf6 {[%clk 00:40:23]} {[%emt 00:01:20]} Bxe3 {[%clk
00:31:35]} {[%emt 00:00:18]} 29. Bd3 {[%clk 00:34:58]} {[%emt 00:05:55]} h5
{[%clk 00:28:02]} {[%emt 00:04:04]} 30. Be5 {[%clk 00:33:04]} {[%emt 00:02:24]}
Bd4 {[%clk 00:26:32]} {[%emt 00:02:01]} 31. Bxd4 {[%clk 00:32:05]} {[%emt
00:01:29]} Rxd4 {[%clk 00:26:15]} {[%emt 00:00:46]} 32. Re1 {[%clk 00:29:01]}
{[%emt 00:03:33]} Kg7 {[%clk 00:25:16]} {[%emt 00:01:30]} 33. Rf2 {[%clk
00:28:13]} {[%emt 00:01:16]} Re8 {[%clk 00:23:26]} {[%emt 00:02:23]} 34. Ref1
{[%clk 00:25:21]} {[%emt 00:03:22]} Re7 {[%clk 00:23:20]} {[%emt 00:00:35]} 35.
Be2 {[%clk 00:24:23]} {[%emt 00:01:27]} h4 {[%clk 00:22:35]} {[%emt 00:01:16]}
36. Bh5 {[%clk 00:24:37]} {[%emt 00:00:17]} f5 {[%clk 00:21:19]} {[%emt
00:01:45]} 37. Bf3 {[%clk 00:23:53]} {[%emt 00:01:13]} Bxf3 {[%clk 00:20:43]}
{[%emt 00:01:07]} 38. Rxf3 {[%clk 00:24:12]} {[%emt 00:00:11]} Rd2 {[%clk
00:19:47]} {[%emt 00:01:23]} 39. R1f2 {[%clk 00:23:41]} {[%emt 00:01:03]} Rxf2
{[%clk 00:19:31]} {[%emt 00:00:47]} 40. Rxf2 {[%clk 00:24:05]} {[%emt
00:00:06]} f4 {[%clk 00:18:37]} {[%emt 00:01:23]} 41. Kg1 {[%clk 00:23:28]}
{[%emt 00:01:07]} e5 {[%clk 00:18:30]} {[%emt 00:00:38]} 42. Kf1 {[%clk
00:23:20]} {[%emt 00:00:39]} e4 {[%clk 00:17:57]} {[%emt 00:01:03]} 43. Ke2
{[%clk 00:23:27]} {[%emt 00:00:22]} Rc7 {[%clk 00:17:26]} {[%emt 00:01:01]} 44.
Kd1 {[%clk 00:23:14]} {[%emt 00:00:42]} e3 {[%clk 00:16:49]} {[%emt 00:01:08]}
45. Re2 {[%clk 00:23:35]} {[%emt 00:00:09]} Kf6 {[%clk 00:16:02]} {[%emt
00:01:16]} 46. Re1 {[%clk 00:22:43]} {[%emt 00:01:22]} Rd7+ {[%clk 00:12:51]}
{[%emt 00:03:42]} 47. Kc1 {[%clk 00:23:02]} {[%emt 00:00:10]} Ke5 {[%clk
00:11:50]} {[%emt 00:01:31]} 48. Re2 {[%clk 00:22:27]} {[%emt 00:01:06]} Kd4
{[%clk 00:11:05]} {[%emt 00:01:14]} 49. Kb2 {[%clk 00:21:53]} {[%emt 00:01:05]}
Ke4 {[%clk 00:10:11]} {[%emt 00:01:23]} 50. Kc3 {[%clk 00:21:49]} {[%emt
00:00:35]} f3 {[%clk 00:09:09]} {[%emt 00:01:32]} 51. gxf3+ {[%clk 00:22:05]}
{[%emt 00:00:14]} Kxf3 {[%clk 00:09:30]} {[%emt 00:00:09]} 52. Re1 {[%clk
00:22:05]} {[%emt 00:00:30]} e2 {[%clk 00:09:10]} {[%emt 00:00:49]} 0-1

[Event "DEM U14w 2023"]
[Site "Willingen GER"]
[Date "2023.05.31"]
[Round "5"]
[White "Moldovan, Tatiana"]
[Black "Lorenz, Veronika"]
[Result "0-1"]
[Termination "normal"]
[Board "1"]
[WhiteElo "1405"]
[BlackElo "1584"]
[WhiteClock "00:39:14"]
[BlackClock "00:34:10"]
[PlyCount "108"]
[WhiteFideId "16287398"]
[BlackFideId "16277406"]
[EventCountry "GER"]
[EventRounds "9"]
[EventType "swiss"]
[EventDate "2023.05.27"]

1. c4 {[%clk 01:30:59]} {[%emt 00:00:02]} f5 {[%clk 01:30:49]} {[%emt
00:00:12]} 2. g3 {[%clk 01:31:19]} {[%emt 00:00:09]} Nf6 {[%clk 01:31:12]}
{[%emt 00:00:07]} 3. Bg2 {[%clk 01:31:41]} {[%emt 00:00:07]} g6 {[%clk
01:31:33]} {[%emt 00:00:09]} 4. Nc3 {[%clk 01:31:18]} {[%emt 00:00:52]} Bg7
{[%clk 01:31:48]} {[%emt 00:00:16]} 5. d3 {[%clk 01:28:28]} {[%emt 00:03:21]}
O-O {[%clk 01:32:08]} {[%emt 00:00:09]} 6. e4 {[%clk 01:27:36]} {[%emt
00:01:22]} e5 {[%clk 01:26:18]} {[%emt 00:06:21]} 7. f4 {[%clk 01:27:12]}
{[%emt 00:00:53]} Nc6 {[%clk 01:11:51]} {[%emt 00:14:58]} 8. Nge2 {[%clk
01:26:32]} {[%emt 00:01:09]} exf4 {[%clk 01:09:10]} {[%emt 00:03:12]} 9. Nxf4
{[%clk 01:25:09]} {[%emt 00:01:53]} Nd4 {[%clk 01:07:57]} {[%emt 00:01:42]} 10.
O-O {[%clk 01:19:09]} {[%emt 00:06:31]} c6 {[%clk 01:06:43]} {[%emt 00:01:44]}
11. Nfe2 {[%clk 01:15:14]} {[%emt 00:04:25]} Nxe2+ {[%clk 01:06:33]} {[%emt
00:00:40]} 12. Qxe2 {[%clk 01:14:05]} {[%emt 00:01:39]} d6 {[%clk 01:05:22]}
{[%emt 00:01:41]} 13. Bf4 {[%clk 01:10:37]} {[%emt 00:03:57]} Re8 {[%clk
01:04:42]} {[%emt 00:01:11]} 14. Qd2 {[%clk 01:10:15]} {[%emt 00:00:52]} Be6
{[%clk 00:57:11]} {[%emt 00:07:56]} 15. Rac1 {[%clk 01:05:22]} {[%emt
00:05:27]} fxe4 {[%clk 00:45:37]} {[%emt 00:12:05]} 16. Nxe4 {[%clk 01:02:53]}
{[%emt 00:02:58]} Nxe4 {[%clk 00:45:03]} {[%emt 00:01:05]} 17. dxe4 {[%clk
00:59:54]} {[%emt 00:03:30]} Qb6+ {[%clk 00:45:05]} {[%emt 00:00:27]} 18. Kh1
{[%clk 00:58:13]} {[%emt 00:02:12]} Qxb2 {[%clk 00:43:24]} {[%emt 00:02:11]}
19. Qa5 {[%clk 00:53:26]} {[%emt 00:05:17]} Qb6 {[%clk 00:38:49]} {[%emt
00:05:05]} 20. Qxb6 {[%clk 00:47:30]} {[%emt 00:06:26]} axb6 {[%clk 00:39:11]}
{[%emt 00:00:07]} 21. Rf2 {[%clk 00:45:33]} {[%emt 00:02:27]} Bd4 {[%clk
00:38:04]} {[%emt 00:01:37]} 22. Rd2 {[%clk 00:45:23]} {[%emt 00:00:40]} Bc5
{[%clk 00:38:33]} {[%emt 00:00:02]} 23. Bxd6 {[%clk 00:45:05]} {[%emt
00:00:48]} Be3 {[%clk 00:38:47]} {[%emt 00:00:16]} 24. Rdc2 {[%clk 00:42:45]}
{[%emt 00:02:50]} Bxc1 {[%clk 00:39:09]} {[%emt 00:00:07]} 25. Rxc1 {[%clk
00:43:09]} {[%emt 00:00:06]} Rxa2 {[%clk 00:39:19]} {[%emt 00:00:20]} 26. Kg1
{[%clk 00:38:52]} {[%emt 00:04:48]} Rea8 {[%clk 00:37:39]} {[%emt 00:02:08]}
27. Be5 {[%clk 00:37:30]} {[%emt 00:01:55]} Rd8 {[%clk 00:32:23]} {[%emt
00:05:41]} 28. Bf4 {[%clk 00:36:23]} {[%emt 00:01:40]} Rd4 {[%clk 00:32:09]}
{[%emt 00:00:42]} 29. c5 {[%clk 00:36:13]} {[%emt 00:00:42]} bxc5 {[%clk
00:32:21]} {[%emt 00:00:19]} 30. Be3 {[%clk 00:36:32]} {[%emt 00:00:10]} Rc4
{[%clk 00:31:17]} {[%emt 00:01:33]} 31. Rxc4 {[%clk 00:35:44]} {[%emt
00:01:19]} Bxc4 {[%clk 00:31:46]} {[%emt 00:00:02]} 32. Bxc5 {[%clk 00:36:04]}
{[%emt 00:00:10]} Be6 {[%clk 00:31:41]} {[%emt 00:00:33]} 33. h4 {[%clk
00:35:21]} {[%emt 00:01:16]} b5 {[%clk 00:31:39]} {[%emt 00:00:30]} 34. Kf1
{[%clk 00:35:12]} {[%emt 00:00:40]} Rc2 {[%clk 00:31:51]} {[%emt 00:00:18]} 35.
Bb4 {[%clk 00:35:05]} {[%emt 00:00:37]} c5 {[%clk 00:32:12]} {[%emt 00:00:09]}
36. Be1 {[%clk 00:34:56]} {[%emt 00:00:39]} b4 {[%clk 00:32:32]} {[%emt
00:00:11]} 37. e5 {[%clk 00:35:05]} {[%emt 00:00:20]} b3 {[%clk 00:32:52]}
{[%emt 00:00:10]} 38. Be4 {[%clk 00:35:23]} {[%emt 00:00:07]} Rc1 {[%clk
00:32:31]} {[%emt 00:00:55]} 39. Ke2 {[%clk 00:35:42]} {[%emt 00:00:13]} b2
{[%clk 00:32:44]} {[%emt 00:00:16]} 40. Kd2 {[%clk 00:35:58]} {[%emt 00:00:14]}
b1=Q {[%clk 00:32:56]} {[%emt 00:00:17]} 41. Bxb1 {[%clk 00:36:24]} {[%emt
00:00:05]} Rxb1 {[%clk 00:33:24]} {[%emt 00:00:02]} 42. Bf2 {[%clk 00:36:23]}
{[%emt 00:00:31]} c4 {[%clk 00:33:43]} {[%emt 00:00:11]} 43. Bd4 {[%clk
00:36:38]} {[%emt 00:00:15]} Kf7 {[%clk 00:32:59]} {[%emt 00:01:13]} 44. Kc3
{[%clk 00:36:45]} {[%emt 00:00:24]} Rb3+ {[%clk 00:33:05]} {[%emt 00:00:23]}
45. Kc2 {[%clk 00:37:06]} {[%emt 00:00:10]} Bf5+ {[%clk 00:33:28]} {[%emt
00:00:08]} 46. Kc1 {[%clk 00:37:11]} {[%emt 00:00:24]} c3 {[%clk 00:33:38]}
{[%emt 00:00:20]} 47. Kd1 {[%clk 00:37:11]} {[%emt 00:00:30]} c2+ {[%clk
00:32:26]} {[%emt 00:01:41]} 48. Kd2 {[%clk 00:37:31]} {[%emt 00:00:10]} Rb1
{[%clk 00:32:17]} {[%emt 00:00:39]} 49. Ke3 {[%clk 00:37:26]} {[%emt 00:00:36]}
c1=Q+ {[%clk 00:32:42]} {[%emt 00:00:05]} 50. Kf3 {[%clk 00:37:47]} {[%emt
00:00:08]} Qf1+ {[%clk 00:32:50]} {[%emt 00:00:22]} 51. Ke3 {[%clk 00:38:06]}
{[%emt 00:00:11]} Qd3+ {[%clk 00:33:05]} {[%emt 00:00:15]} 52. Kf2 {[%clk
00:38:29]} {[%emt 00:00:07]} Rf1+ {[%clk 00:33:25]} {[%emt 00:00:11]} 53. Kg2
{[%clk 00:38:54]} {[%emt 00:00:05]} Qe2+ {[%clk 00:33:44]} {[%emt 00:00:10]}
54. Bf2 {[%clk 00:39:14]} {[%emt 00:00:11]} Qxf2# {[%clk 00:34:10]} {[%emt
00:00:03]} 0-1

[Event "DEM U14w 2023"]
[Site "Willingen GER"]
[Date "2023.05.31"]
[Round "5"]
[White "Haug, Mara"]
[Black "Müller, Riyanna"]
[Result "0-1"]
[Termination "normal"]
[Board "2"]
[WhiteElo "1754"]
[BlackElo "1687"]
[WhiteClock "00:04:28"]
[BlackClock "00:42:09"]
[PlyCount "112"]
[WhiteFideId "16259300"]
[BlackFideId "16287401"]
[EventCountry "GER"]
[EventRounds "9"]
[EventType "swiss"]
[EventDate "2023.05.27"]

1. e4 {[%clk 01:30:57]} d5 {[%clk 01:30:54]} {[%emt 00:00:07]} 2. exd5 {[%clk
01:31:19]} {[%emt 00:00:09]} Qxd5 {[%clk 01:31:12]} {[%emt 00:00:11]} 3. Nc3
{[%clk 01:31:44]} {[%emt 00:00:06]} Qd6 {[%clk 01:31:26]} {[%emt 00:00:16]} 4.
d4 {[%clk 01:32:06]} {[%emt 00:00:07]} Nf6 {[%clk 01:31:33]} {[%emt 00:00:23]}
5. Bc4 {[%clk 01:32:13]} {[%emt 00:00:23]} c6 {[%clk 01:31:46]} {[%emt
00:00:17]} 6. Nf3 {[%clk 01:32:19]} {[%emt 00:00:23]} Bg4 {[%clk 01:31:29]}
{[%emt 00:00:47]} 7. Be3 {[%clk 01:31:33]} {[%emt 00:01:15]} e6 {[%clk
01:31:14]} {[%emt 00:00:46]} 8. h3 {[%clk 01:30:26]} {[%emt 00:01:37]} Bh5
{[%clk 01:30:45]} {[%emt 00:00:58]} 9. O-O {[%clk 01:28:57]} {[%emt 00:02:00]}
Nbd7 {[%clk 01:28:58]} {[%emt 00:02:17]} 10. Be2 {[%clk 01:24:26]} {[%emt
00:05:00]} Qc7 {[%clk 01:23:27]} {[%emt 00:06:01]} 11. Qd2 {[%clk 01:20:39]}
{[%emt 00:04:12]} Bb4 {[%clk 01:18:20]} {[%emt 00:05:43]} 12. Bf4 {[%clk
01:09:27]} {[%emt 00:11:40]} Qa5 {[%clk 01:15:01]} {[%emt 00:03:50]} 13. a3
{[%clk 01:01:28]} {[%emt 00:08:30]} Bxc3 {[%clk 01:15:02]} {[%emt 00:00:29]}
14. Qxc3 {[%clk 01:01:34]} {[%emt 00:00:23]} Qxc3 {[%clk 01:14:49]} {[%emt
00:00:42]} 15. bxc3 {[%clk 01:02:01]} {[%emt 00:00:03]} Nd5 {[%clk 01:12:02]}
{[%emt 00:03:19]} 16. Bd2 {[%clk 00:57:57]} {[%emt 00:04:33]} N7b6 {[%clk
01:11:36]} {[%emt 00:00:56]} 17. Rab1 {[%clk 00:55:05]} {[%emt 00:03:22]} Bxf3
{[%clk 01:04:58]} {[%emt 00:07:08]} 18. gxf3 {[%clk 00:53:17]} {[%emt
00:02:18]} O-O-O {[%clk 01:03:19]} {[%emt 00:02:09]} 19. Rfd1 {[%clk 00:50:02]}
{[%emt 00:03:43]} Rd7 {[%clk 00:56:32]} {[%emt 00:07:20]} 20. c4 {[%clk
00:47:24]} {[%emt 00:03:07]} Nf6 {[%clk 00:56:24]} {[%emt 00:00:38]} 21. Be3
{[%clk 00:45:05]} {[%emt 00:02:49]} Rhd8 {[%clk 00:55:25]} {[%emt 00:01:28]}
22. Kg2 {[%clk 00:32:23]} {[%emt 00:13:11]} Ng8 {[%clk 00:49:43]} {[%emt
00:06:14]} 23. d5 {[%clk 00:22:52]} {[%emt 00:10:01]} exd5 {[%clk 00:47:37]}
{[%emt 00:02:35]} 24. Bxb6 {[%clk 00:23:04]} {[%emt 00:00:20]} axb6 {[%clk
00:47:59]} {[%emt 00:00:07]} 25. cxd5 {[%clk 00:22:49]} {[%emt 00:00:44]} Rxd5
{[%clk 00:48:06]} {[%emt 00:00:23]} 26. Rxd5 {[%clk 00:22:55]} {[%emt
00:00:24]} Rxd5 {[%clk 00:48:28]} {[%emt 00:00:09]} 27. Rxb6 {[%clk 00:22:42]}
{[%emt 00:00:43]} Ne7 {[%clk 00:47:44]} {[%emt 00:01:13]} 28. Bd3 {[%clk
00:21:04]} {[%emt 00:02:07]} Rg5+ {[%clk 00:45:00]} {[%emt 00:03:14]} 29. Kh2
{[%clk 00:19:11]} {[%emt 00:02:14]} Nd5 {[%clk 00:42:59]} {[%emt 00:02:41]} 30.
Rb1 {[%clk 00:17:45]} {[%emt 00:01:53]} Nf4 {[%clk 00:42:07]} {[%emt 00:01:26]}
31. Rb4 {[%clk 00:15:06]} {[%emt 00:03:09]} Nxd3 {[%clk 00:41:32]} {[%emt
00:01:05]} 32. cxd3 {[%clk 00:15:25]} {[%emt 00:00:10]} Rd5 {[%clk 00:41:34]}
{[%emt 00:00:28]} 33. d4 {[%clk 00:12:38]} {[%emt 00:03:17]} Kc7 {[%clk
00:39:18]} {[%emt 00:02:47]} 34. Kg3 {[%clk 00:07:12]} {[%emt 00:05:55]} b5
{[%clk 00:39:25]} {[%emt 00:00:23]} 35. f4 {[%clk 00:05:30]} {[%emt 00:02:12]}
g6 {[%clk 00:36:49]} {[%emt 00:03:06]} 36. Kf3 {[%clk 00:04:16]} {[%emt
00:01:43]} Kb6 {[%clk 00:35:29]} {[%emt 00:01:52]} 37. Ke4 {[%clk 00:03:34]}
{[%emt 00:01:09]} Ka5 {[%clk 00:34:35]} {[%emt 00:01:26]} 38. Rb3 {[%clk
00:02:55]} {[%emt 00:01:09]} f5+ {[%clk 00:33:54]} {[%emt 00:01:11]} 39. Ke3
{[%clk 00:02:58]} {[%emt 00:00:26]} c5 {[%clk 00:32:39]} {[%emt 00:01:47]} 40.
dxc5 {[%clk 00:02:08]} {[%emt 00:01:20]} Rxc5 {[%clk 00:32:51]} {[%emt
00:00:18]} 41. Kd4 {[%clk 00:01:13]} {[%emt 00:01:23]} Rc4+ {[%clk 00:32:22]}
{[%emt 00:01:00]} 42. Ke3 {[%clk 00:15:00]} {[%emt 00:16:43]} Ka4 {[%clk
01:02:22]} {[%emt 00:00:32]} 43. Rd3 {[%clk 00:14:42]} {[%emt 00:00:43]} Rc2
{[%clk 01:02:13]} {[%emt 00:00:42]} 44. Rd7 {[%clk 00:13:57]} {[%emt 00:01:15]}
Kxa3 {[%clk 00:57:43]} {[%emt 00:05:00]} 45. Rxh7 {[%clk 00:14:12]} {[%emt
00:00:16]} b4 {[%clk 00:57:30]} {[%emt 00:00:43]} 46. Ra7+ {[%clk 00:13:18]}
{[%emt 00:01:23]} Kb2 {[%clk 00:57:52]} {[%emt 00:00:08]} 47. Ra6 {[%clk
00:12:36]} {[%emt 00:01:13]} b3 {[%clk 00:57:14]} {[%emt 00:01:07]} 48. Rb6
{[%clk 00:11:59]} {[%emt 00:01:08]} Ka2 {[%clk 00:54:55]} {[%emt 00:02:48]} 49.
Ra6+ {[%clk 00:07:29]} {[%emt 00:05:00]} Kb1 {[%clk 00:54:15]} {[%emt
00:01:10]} 50. Rxg6 {[%clk 00:07:33]} {[%emt 00:00:27]} b2 {[%clk 00:53:04]}
{[%emt 00:01:41]} 51. h4 {[%clk 00:05:44]} {[%emt 00:02:19]} Ka2 {[%clk
00:45:58]} {[%emt 00:07:34]} 52. Ra6+ {[%clk 00:06:07]} {[%emt 00:00:08]} Kb3
{[%clk 00:45:10]} {[%emt 00:01:18]} 53. Rb6+ {[%clk 00:06:20]} {[%emt
00:00:17]} Kc4 {[%clk 00:42:50]} {[%emt 00:02:50]} 54. h5 {[%clk 00:05:18]}
{[%emt 00:01:32]} Rc3+ {[%clk 00:42:31]} {[%emt 00:00:50]} 55. Kd2 {[%clk
00:04:36]} {[%emt 00:01:12]} Rb3 {[%clk 00:42:09]} {[%emt 00:00:51]} 56. Rc6+
{[%clk 00:04:28]} {[%emt 00:00:38]} Kd5 {[%emt 00:04:28]} 0-1